Evaluación aplicada a la enseñanza

Kaydedildi:
Detaylı Bibliyografya
Asıl Yazarlar: Benedito Antoli, Vicente (Yazar), Daniel, María Pilar (Yazar), Cea, Fernando de (Yazar), León, Víctor (Yazar), Loscertales, Felicidad (Yazar)
Materyal Türü: Kitap
Dil:İspanyolca
Baskı/Yayın Bilgisi: Barcelona CEAC 1977
Edisyon:1a. ed
Seri Bilgileri:Educación y enseñanza. Serie monográfica
Konular:
Etiketler: Etiketle
Etiket eklenmemiş, İlk siz ekleyin!

MARC

LEADER 00000nam a2200000 a 4500
001 UCY8664
003 CL-VaPUC
008 950703e19770000SP |||||||||||||||||spa|d
020 |a 8432993026 
082 0 4 |a 371.26  |b BEN  |2 21 
100 |a Benedito Antoli, Vicente  |e author  |9 311113 
700 0 |a Daniel, María Pilar  |e author  |9 340265 
700 0 |a Cea, Fernando de  |e author  |9 340266 
700 0 |a León, Víctor  |e author  |9 340267 
700 0 |a Loscertales, Felicidad  |e author  |9 340268 
245 1 0 |a Evaluación aplicada a la enseñanza 
250 |a 1a. ed 
300 |a 158 p 
942 |c BK 
945 |d 19950703 00:00:00  |a lriquelm 
260 |a Barcelona  |b CEAC  |c 1977 
650 0 |a Evaluación  |9 271902 
650 7 |a DESARROLLO DE LA EDUCACION  |2 CL-VaPUC  |9 340269 
650 0 |a Rol del docente  |9 329733 
650 0 |a Sociología de la educación   |9 260380 
650 7 |a RENDIMIENTO  |2 CL-VaPUC  |9 260872 
650 7 |a LOGROS  |2 CL-VaPUC  |9 340270 
650 7 |a ORIENTACION EDUCACIONAL  |2 CL-VaPUC  |9 312512 
650 0 |a Psicología educacional   |9 307830 
650 7 |a ORIENTACION PSICOLOGICA  |2 CL-VaPUC  |9 311637 
583 |a last modification  |c 19950703 00:00:00  |k Rodrigo Vera 
490 0 |a Educación y enseñanza. Serie monográfica 
999 |c 235891  |d 235889 
952 |0 0  |1 0  |4 0  |6 371_260000000000000_BEN_1977  |7 0  |8 P  |9 243594  |a BIBEDU  |b BIBEDU  |c BIBEDU_PB  |d 2019-11-18  |i 1527371  |o 371.26 BEN 1977  |p 1527371  |r 2024-01-25  |w 2019-11-18  |y BK  |k EDU 
952 |0 0  |1 0  |4 0  |6 371_260000000000000_BEN_1977  |7 0  |8 P  |9 243595  |a BIBEDU  |b BIBEDU  |c BIBEDU_PB  |d 2019-11-18  |i 4225147  |o 371.26 BEN 1977  |p 4225147  |r 2024-01-25  |w 2019-11-18  |y BK  |k EDU